000 00584nam a2200205Ia 4500
005 20250923144359.0
008 008 250917s9999 xx 000 0 eng d
037 _aTextual
040 _aDSWL
_beng
_cDSWL
041 _aeng
_2eng
084 _aW:28.5'N30<-K60, N44
_qDSWL
100 _aBarker, E.
_9824301
245 0 _aPublic services in Western Europe 1660-1930
_cby E. Barker
260 _aLondon
_bOUP
_c1944
300 _a93 p.
365 _aINR
_b5
925 _g5
942 _cTEXL
_hW:28.5'N30<-K60, N44
999 _c1438119
_d1438119